Harry Potter Zauber - Statistiken

Allgemein
  • Dieses Quiz wurde 639 mal gespielt
  • Das Durchschnittsergebnis liegt bei 15 aus 46
Antwortstatistiken
Hint Antwort % Korrekt
tötet das Ziel schmerzlos und sofortig Avada Kedavra
64%
entwaffnet das Ziel Expelliarmus
64%
lässt Licht an der Stabspitze entstehen Lumos
62%
lässt ein Objekt schweben Wingardium Leviosa
61%
setzt das Ziel unerträglicher Folter aus Crucio
60%
Schutzzauber der einen persönlichen Tiergeist erschafft Expecto Patronum
60%
öffnet ein Schloss Alohomora
59%
Bringt ein Objekt zum Zaubernden Accio
55%
zwingt dem Ziel den Willen des Zaubernden auf Imperio
53%
repariert eine Brille Oculus Reparo
50%
verursacht Schnittwunden beim Ziel Sectumsempra
47%
lässt Licht an der Stabspitze erlöschen Nox
44%
erschafft einen unsichtbaren Schild gegen Zauber und physische Angriffe Protego
43%
erschafft eine kleine Explosion Bombarda
42%
lässt Statuen zum Leben erwachen Piertotum Locomotor
41%
Lässt einen Strahl Wasser aus dem Stab schießen Aguamenti
40%
lässt das Ziel stramm stehend erstarren Petrificus Totalus
40%
löscht spezifische Erinnerungen aus Obliviate
38%
schwarzmagische Flammen, die alles unwiederbringlich verbrennen Dämonsfeuer
35%
beschwört eine Schlange Serpensortia
33%
stoppt Blutungen und schließt Schnittwunden Vulnera Sanentur
33%
beendet aktive Zauber Finite Incantatem
31%
erschafft einen roten Lichtstrahl, der das Ziel bewusstlos macht Stupor
30%
senkt die Geschwindigkeit von sich bewegenden Zielen Arresto Momentum
29%
vergrößert das Ziel Engorgio
29%
setzt das Ziel in Brand Incendio
28%
spürt die Präsenz von Menschen in der Umgebung auf Homenum Revelio
27%
lässt das Ziel in der Luft auf dem Kopf schweben Levicorpus
26%
lässt Schlangen verschwinden Vipera Evanesca
26%
verwandelt Tiere in Trinkkelche Veraverto
23%
heilt kleinere Verletzungen Episkey
22%
verwirrt das Ziel Confundo
21%
zwingt einen Stab dazu den letzten Zauber erneut zu wirken Prior Incantanto
20%
zerschneidet Objekte Diffindo
18%
verdoppelt ein Objekt Geminio
17%
lässt etwas in der Bewegung erstarren Immobilus
16%
fesselt das Ziel mit beschworenen Seilen Incarcerus
16%
erschafft eine feurige Explosion Confringo
14%
lässt das Ziel unkontrolliert lachen Rictusempra
14%
heilt gebrochene Knochen Brackium Emendo
12%
verschließt ein Schloss Colloportus
12%
zerstört das Zielobjekt Reducto
9%
deckt verborgene Botschaften auf Aparecium
8%
lässt den Zaubernden in die Luft fliegen Ascendio
8%
erschafft einen Schild, in dem der Zaubernde unsichtbar für Außenstehende wird Cave Inimicum
8%
Lässt das Ziel hoch in die Luft fliegen Volate Ascendare
7%
Keine übereinstimmenden Quizze gefunden
Verteilung der Resultate
Anzahl Personen mit jedem Resultat
Perzentil nach korrekt beantworteten Fragen
Ihre Resultats-Entwicklung
Sie haben dieses Quiz noch nicht gespielt